[Event "Alekhine Master"]
[Site "SchemingMind.com"]
[Date "2017.07.14"]
[Round "-"]
[White "DHall"]
[Black "frankly"]
[Result "1/2-1/2"]
[WhiteCountry "ENG"]
[BlackCountry "ENG"]
[WhiteElo "2294"]
[WhiteRD "92"]
[BlackElo "2533"]
[BlackRD "59"]
[GameID "416145"]

1. e4 Nf6 2. e5 Nd5 3. d4 d6 4. Nf3 g6 5. Bc4 Nb6 6. Bb3 Bg7 7. Ng5 d5 8. f4 Bf5 9. Nc3 Nc6 10. O-O Qd7
11. a3 a6 12. Ne2 f6 13. Nf3 Na5 14. Ng3 Bg4 15. h3 Nxb3 16. cxb3 Bxf3 17. Qxf3 O-O 18. Qc3 e6 19. Be3 Qe7 20. Rac1 c6
21. Nh1 Nd7 22. b4 g5 23. g3 gxf4 24. gxf4 a5 25. bxa5 c5 26. Ng3 Kh8 27. Kh2 fxe5 28. fxe5 Qh4 29. Rxf8+ Rxf8 30. Rf1 Rxf1
31. Nxf1 h5 32. Ng3 cxd4 33. Bxd4 Qg5 34. b4 h4 35. Ne2 Nxe5 36. b5 Qf5 37. Kg2 Qe4+ 38. Kf1 Kh7 39. Bxe5 Bxe5 40. Qb4 d4=
1/2-1/2

[Event "Alekhine Master"]
[Site "SchemingMind.com"]
[Date "2017.07.14"]
[Round "-"]
[White "DHall"]
[Black "flyinduck"]
[Result "1-0"]
[WhiteCountry "ENG"]
[BlackCountry "CAN"]
[WhiteElo "2319"]
[WhiteRD "97"]
[BlackElo "2031"]
[BlackRD "67"]
[GameID "416146"]

1. e4 Nf6 2. e5 Nd5 3. d4 Nb6 4. c4 d6 5. exd6 cxd6 6. Nc3 g6 7. Be3 Bg7 8. Rc1 O-O 9. b3 e5 10. dxe5 dxe5
11. Qxd8 Rxd8 12. c5 N6d7 13. Bc4 Nc6 14. Nf3 Na5 15. Be2 b6 16. b4 Nc6 17. b5 Nd4 18. c6 Nc5 19. O-O a6 20. Rfd1 Be6
21. Ng5 axb5 22. Bxb5 Bxa2 23. Bxd4 exd4 24. Nxa2 Rxa2 25. Nxf7 Kxf7 26. Bc4+ Ke7 27. c7 Rc8 28. Bxa2 Rxc7 29. Kf1 Kd6 30. Bc4 Ne4
31. Bd3 Nc3 32. Re1 b5 33. Re8 Rb7 34. Rce1 b4 35. R1e6+ Kc5 36. Rc8+ Kd5 37. Bc4#
1-0

[Event "Alekhine Master"]
[Site "SchemingMind.com"]
[Date "2017.07.14"]
[Round "-"]
[White "flyinduck"]
[Black "DHall"]
[Result "0-1"]
[WhiteCountry "CAN"]
[BlackCountry "ENG"]
[WhiteElo "2035"]
[WhiteRD "67"]
[BlackElo "2311"]
[BlackRD "93"]
[GameID "416147"]

1. e4 Nf6 2. e5 Nd5 3. d4 d6 4. Nf3 Bg4 5. Be2 e6 6. O-O Be7 7. h3 Bh5 8. c4 Nb6 9. exd6 cxd6 10. b3 O-O
11. Be3 Nc6 12. Nc3 d5 13. c5 Nd7 14. a3 b6 15. b4 bxc5 16. dxc5 Bxf3 17. Bxf3 Nde5 18. Nb5 a6 19. Nd4 Nxf3+ 20. Qxf3 Ne5
21. Qg3 Nc4 22. Nc6 Qd7 23. Nxe7+ Qxe7 24. Bd4 f6 25. Rfc1 e5 26. Bc3 Rfd8 27. Be1 Rac8 28. Ra2 Qf7 29. Qb3 Qb7 30. a4 Rxc5
0-1

[Event "Alekhine Master"]
[Site "SchemingMind.com"]
[Date "2017.07.14"]
[Round "-"]
[White "nikita68"]
[Black "klagefall"]
[Result "1-0"]
[WhiteCountry "RUS"]
[BlackCountry "GER"]
[WhiteElo "2402"]
[WhiteRD "63"]
[BlackElo "2027"]
[BlackRD "88"]
[GameID "416253"]

1. e4 Nf6 2. e5 Nd5 3. d4 d6 4. Bc4 e6 5. Nf3 Nc6 6. O-O Be7 7. Qe2 Nb6 8. Bb3 O-O 9. c3 dxe5 10. dxe5 Bd7
11. Be3 Na5 12. Bc2 Nac4 13. Bc1 Bc6 14. Rd1 Bxf3 15. Qxf3 Qe8 16. Re1 Rb8 17. b3 Na5 18. Qh3 g6 19. Bh6 Qc6 20. Bxf8 Bxf8
21. Nd2 Nd5 22. c4 Ne7 23. Rad1
1-0

[Event "Alekhine Master"]
[Site "SchemingMind.com"]
[Date "2017.07.13"]
[Round "-"]
[White "klagefall"]
[Black "nikita68"]
[Result "0-1"]
[WhiteCountry "GER"]
[BlackCountry "RUS"]
[WhiteElo "2020"]
[WhiteRD "91"]
[BlackElo "2410"]
[BlackRD "64"]
[GameID "416254"]

1. e4 Nf6 2. e5 Nd5 3. d4 d6 4. Nf3 Bg4 5. Be2 e6 6. O-O Be7 7. h3 Bh5 8. c4 Nb6 9. Nc3 O-O 10. exd6 cxd6
11. Bf4 Nc6 12. d5 exd5 13. Nxd5 Bf6 14. Nxf6+ Qxf6 15. Qxd6 Qxb2 16. Rfe1 Rfe8 17. Bf1 Bxf3 18. gxf3 Red8 19. Qc5 Nd4
0-1

[Event "Alekhine Master"]
[Site "SchemingMind.com"]
[Date "2017.07.13"]
[Round "-"]
[White "klagefall"]
[Black "Professor"]
[Result "0-1"]
[WhiteCountry "GER"]
[BlackCountry "USA"]
[WhiteElo "2020"]
[WhiteRD "91"]
[BlackElo "2582"]
[BlackRD "85"]
[GameID "416255"]

1. e4 Nf6 2. e5 Nd5 3. d4 d6 4. Nf3 c6 5. Be2 dxe5 6. Nxe5 Bf5 7. a3 Nd7 8. c4 Nc7 9. Bf4 Ne6 10. Bg3 Nxe5
11. dxe5 Qxd1+ 12. Bxd1 h5 13. h4 O-O-O 14. Nc3 g6 15. f3 Bh6 16. Ne4 Bxe4 17. fxe4 Bd2+ 18. Ke2 Bf4 19. Bxf4 Nxf4+ 20. Kf3 Nd3
21. e6 Ne5+ 22. Kf4 f6 23. Be2 Rd2
0-1

[Event "Alekhine Master"]
[Site "SchemingMind.com"]
[Date "2017.07.13"]
[Round "-"]
[White "Professor"]
[Black "klagefall"]
[Result "1-0"]
[WhiteCountry "USA"]
[BlackCountry "GER"]
[WhiteElo "2564"]
[WhiteRD "82"]
[BlackElo "2043"]
[BlackRD "93"]
[GameID "416256"]

1. e4 Nf6 2. e5 Nd5 3. Nc3 Nxc3 4. dxc3 d6 5. Nf3 Nc6 6. Bf4 Bg4 7. Bb5 Qd7 8. h3 Bxf3 9. Qxf3 a6 10. Ba4 e6
11. c4 Be7 12. exd6 cxd6 13. O-O-O e5 14. Bxe5 b5 15. cxb5 axb5 16. Bxb5 Rc8 17. Bxg7
1-0

[Event "Alekhine Master"]
[Site "SchemingMind.com"]
[Date "2017.07.14"]
[Round "-"]
[White "klagefall"]
[Black "Selwyn"]
[Result "0-1"]
[WhiteCountry "GER"]
[BlackCountry "AUS"]
[WhiteElo "2020"]
[WhiteRD "91"]
[BlackElo "2642"]
[BlackRD "97"]
[GameID "416257"]

1. e4 Nf6 2. e5 Nd5 3. d4 d6 4. Nf3 dxe5 5. Nxe5 g6 6. g3 Bg7 7. Bg2 O-O 8. O-O c6 9. Re1 Bf5 10. c3 Nd7
11. Nf3 Re8 12. Nbd2 e5 13. dxe5 Nxe5 14. Nxe5 Bxe5 15. Nc4 Bc7 16. Ne3 Nxe3 17. Bxe3 Bb6 18. Qxd8 Raxd8 19. Bg5 f6 20. Bxf6 Rxe1+
21. Rxe1 Rd2 22. Bd4 Rxb2 23. Bxb6 axb6 24. a4 Kf7 25. Bf1 Kf6 26. Re8 Rb1 27. Kg2 Ra1 28. Rb8 Rxa4 29. Rxb7 b5 30. Be2 h5
31. Bf3 Rc4 32. Rb6 Ke5 33. Rxc6 Rxc6 34. Bxc6 Be4+ 35. Bxe4 Kxe4 36. f4 Kd3 37. h3 Kxc3 38. g4 Kd4
0-1

[Event "Alekhine Master"]
[Site "SchemingMind.com"]
[Date "2017.07.14"]
[Round "-"]
[White "Selwyn"]
[Black "klagefall"]
[Result "1-0"]
[WhiteCountry "AUS"]
[BlackCountry "GER"]
[WhiteElo "2642"]
[WhiteRD "97"]
[BlackElo "2020"]
[BlackRD "91"]
[GameID "416258"]

1. e4 Nf6 2. e5 Nd5 3. d4 d6 4. Nf3 dxe5 5. Nxe5 g6 6. Be2 Bg7 7. O-O O-O 8. Bf3 c6 9. Re1 Bf5 10. c3 Nd7
11. Nxd7 Qxd7 12. Na3 b5 13. Nc2 Rad8 14. a4 a6 15. h3 Rfe8 16. axb5 axb5 17. Bxd5 Qxd5 18. Nb4 Qd7 19. Bf4 Ra8 20. Qf3 Rxa1
21. Rxa1 Rc8 22. Ra6 c5 23. Nd5 cxd4 24. Nb6 dxc3 25. bxc3 Qe6 26. Nxc8 Qxa6 27. Nxe7+ Kf8 28. Nxf5 gxf5 29. Qd3
1-0

[Event "Alekhine Master"]
[Site "SchemingMind.com"]
[Date "2017.07.13"]
[Round "-"]
[White "klagefall"]
[Black "frankly"]
[Result "0-1"]
[WhiteCountry "GER"]
[BlackCountry "ENG"]
[WhiteElo "2026"]
[WhiteRD "94"]
[BlackElo "2543"]
[BlackRD "62"]
[GameID "416259"]

1. e4 Nf6 2. e5 Nd5 3. d4 d6 4. Nf3 dxe5 5. Nxe5 c6 6. g3 g6 7. Bg2 Bg7 8. O-O Nd7 9. Re1 Nxe5 10. dxe5 Bf5
11. c4 Nb4
0-1

[Event "Alekhine Master"]
[Site "SchemingMind.com"]
[Date "2017.07.13"]
[Round "-"]
[White "frankly"]
[Black "klagefall"]
[Result "1-0"]
[WhiteCountry "ENG"]
[BlackCountry "GER"]
[WhiteElo "2543"]
[WhiteRD "62"]
[BlackElo "2026"]
[BlackRD "94"]
[GameID "416260"]

1. e4 Nf6 2. e5 Nd5 3. d4 d6 4. c4 Nb6 5. exd6 exd6 6. Nc3 Be7 7. Bd3 Nc6 8. Nge2 Bg4 9. Be3 O-O 10. O-O Re8
11. h3 Bh5 12. Qd2 Bf6 13. b3 Qd7 14. Ng3 Bg6 15. d5 Ne5 16. Bxg6 Nxg6 17. Nh5 Be5 18. f4 Bxc3 19. Qxc3 f6 20. f5 Ne5
21. Bh6
1-0

[Event "Alekhine Master"]
[Site "SchemingMind.com"]
[Date "2017.07.14"]
[Round "-"]
[White "klagefall"]
[Black "DHall"]
[Result "1/2-1/2"]
[WhiteCountry "GER"]
[BlackCountry "ENG"]
[WhiteElo "2027"]
[WhiteRD "88"]
[BlackElo "2311"]
[BlackRD "93"]
[GameID "416261"]

1. e4 Nf6 2. e5 Nd5 3. d4 d6 4. Nf3 Bg4 5. Be2 e6 6. O-O Be7 7. c4 Nb6 8. Nc3 O-O 9. Be3 Nc6 10. exd6 cxd6
11. d5 exd5 12. Nxd5 Nxd5 13. Qxd5 Bf6 14. Rad1 Bxb2 15. Qxd6 Qxd6 16. Rxd6 Ba3 17. c5 Rfe8 18. h3 Bf5 19. Ba6 Na5 20. Bd3 Be6
21. Ng5 Bc4 22. Bxh7+ Kf8 23. Rd7 Rac8 24. Rfd1 Bxc5 25. Bd2 b6 26. Ne4 Be7 27. Bxa5 bxa5 28. Bf5 Red8 29. Nd6 Bxd6 30. R1xd6 Rxd7
31. Rxd7 Rc5 32. g4 g6 33. Be4 Bxa2 34. Rxa7 Bb3 35. Kf1 Rc4 36. f3 a4 37. h4 Rc1+ 38. Ke2 Ra1 39. h5 a3 40. hxg6 a2
41. Kd2 Rg1 42. Kc3 a1=Q+ 43. Rxa1 Rxa1 44. Kxb3 fxg6 45. Bxg6 Ke7 46. Kc4 Rd1 47. Be4 Kf6 48. Kc5 Ke5 49. Kc4 Kf4 50. Kc3 Rd8
51. Kc4 Rd2 52. Kc3 Rd8 53. Kc4 Rd6 54. Kc5 Rd7 55. Kc4 Rd8 56. Kc3 Rd6 57. Kc4 Rd7 58. Kc5 Ke5 59. g5 Kf4 60. g6 Rg7
61. Kd6 Rxg6+ 62. Bxg6 Kxf3
1/2-1/2

[Event "Alekhine Master"]
[Site "SchemingMind.com"]
[Date "2017.07.14"]
[Round "-"]
[White "DHall"]
[Black "klagefall"]
[Result "1-0"]
[WhiteCountry "ENG"]
[BlackCountry "GER"]
[WhiteElo "2281"]
[WhiteRD "96"]
[BlackElo "2020"]
[BlackRD "91"]
[GameID "416262"]

1. e4 Nf6 2. e5 Nd5 3. d4 d6 4. Nf3 dxe5 5. Nxe5 g6 6. Bc4 c6 7. O-O Bg7 8. Re1 Bf5 9. Bb3 Nd7 10. Nf3 O-O
11. h3 N7b6 12. a3 Qd7 13. c4 Nc7 14. Be3 Rad8 15. Nc3 Be6 16. Qe2 Nb5 17. Ne4 Nxd4 18. Nxd4 Bxd4 19. Rad1 c5 20. Nxc5 Bxc5
21. Rxd7 Nxd7 22. Bh6 Rfe8 23. Ba4 Bd4 24. Rd1 Bg7 25. Bxg7 Kxg7 26. Rd2 Rf8 27. Qd1
1-0

[Event "Alekhine Master"]
[Site "SchemingMind.com"]
[Date "2017.07.14"]
[Round "-"]
[White "klagefall"]
[Black "flyinduck"]
[Result "1-0"]
[WhiteCountry "GER"]
[BlackCountry "CAN"]
[WhiteElo "2054"]
[WhiteRD "88"]
[BlackElo "2031"]
[BlackRD "67"]
[GameID "416263"]

1. e4 Nf6 2. e5 Nd5 3. d4 Nb6 4. a4 a5 5. Bb5 c6 6. Bd3 d6 7. exd6 exd6 8. Ne2 Be7 9. O-O O-O 10. Ng3 g6
11. Bh6 Re8 12. Nd2 N8d7 13. Qf3 Nf6 14. h3 Be6 15. b3 Nbd5 16. Rae1 Nb4 17. Nde4 Nxd3 18. Qxd3 Nxe4 19. Qxe4 Bg5 20. Bxg5 Qxg5
21. Qf3 Bd5 22. Qd3 h5 23. Ne4 Rxe4 24. Rxe4 f5 25. Qe3 f4 26. Qxf4 Qxf4 27. Rxf4 Kg7 28. Re1 g5 29. Rf5 Kg6 30. g4 hxg4
31. hxg4
1-0

[Event "Alekhine Master"]
[Site "SchemingMind.com"]
[Date "2017.07.14"]
[Round "-"]
[White "flyinduck"]
[Black "klagefall"]
[Result "1/2-1/2"]
[WhiteCountry "CAN"]
[BlackCountry "GER"]
[WhiteElo "2031"]
[WhiteRD "67"]
[BlackElo "2054"]
[BlackRD "88"]
[GameID "416264"]

1. e4 Nf6 2. e5 Nd5 3. d4 d6 4. Nf3 Bg4 5. Be2 e6 6. O-O Be7 7. h3 Bh5 8. c4 Nb6 9. b3 Nc6 10. exd6 cxd6
11. Be3 O-O 12. Nc3 e5 13. c5 exd4 14. Nxd4 Bxe2 15. Qxe2 Nxd4 16. Bxd4 dxc5 17. Be3 Nd5 18. Nxd5 Qxd5 19. Rad1 Qe6 20. Rfe1 Rad8
21. Qf3 Rxd1 22. Rxd1 Qc8 23. Rc1 b6 24. b4 Qa6 25. bxc5 bxc5 26. Bxc5 Bxc5 27. Rxc5 Qxa2 28. g3 a5 29. Qc3 a4 30. Ra5 Qb1+
31. Kg2 Qe4+ 32. Qf3 Qxf3+ 33. Kxf3 g6 34. Rxa4 h5 35. h4=
1/2-1/2